|
|
|
|
| LEADER |
00977cam a2200253 7i4500 |
| 001 |
0000024513 |
| 005 |
20100312090000.0 |
| 008 |
081008 eng |
| 020 |
|
|
|a 0789021420
|
| 020 |
|
|
|a 9780789021427
|
| 040 |
|
|
|a DLC
|
| 050 |
0 |
0 |
|a Z678 STR 2002
|
| 090 |
0 |
0 |
|a Z678
|b .S55 2002
|
| 245 |
1 |
0 |
|a Strategic marketing in library and information science
|c Irene Owens, editor.
|
| 260 |
|
|
|a Binghamton, NY:
|b Haworth Information Press,
|c 2002.
|
| 300 |
|
|
|a 254 p.:
|b ill.;
|c 23 cm.
|
| 500 |
|
|
|a "Co-published simultaneously as The acquisitions librarian, volume 14, number 28, 2002."
|
| 504 |
|
|
|a Includes bibliographical references and index
|
| 650 |
0 |
0 |
|a Information services --
|x Marketing
|
| 650 |
0 |
0 |
|a Libraries --
|x Marketing
|
| 700 |
1 |
|
|a Owens, Irene
|
| 999 |
|
|
|a 0000031977
|b BOK
|c OPEN SHELF
|e 2nd Floor, Bestari Jaya
|
| 999 |
|
|
|a 0000031978
|b BOK
|c OPEN SHELF
|e 2nd Floor, Bestari Jaya
|
| 999 |
|
|
|a 0000031979
|b BOK
|c OPEN SHELF
|e 2nd Floor, Bestari Jaya
|